LEADER 01355naa a2200229 u 4500 001 000000094277 003 CaOOAMICUS 005 20070226130137.0 008 010830s1995 fr u000 u eng u 035 $a10900612 040 $aPUL(R)$bita 100 1 $aCalderón, Félix C.,$d1947-$0(OLS)http://pul/name/60622 245 14$aThe Preparatory Commission for the Organizaion for the prohibition of chemical weapons /$cFélix C. Calderón. 260 $a[S. l. :$bs. n.],$c1995. 300 $aP. [27-150] 504 $aBibliografia in nota. 610 24$aOrganization for the prohibition of chemical weapons.$0(OLS)http://pul/subject/30115 650 4$aDisarmo.$0(OLS)http://pul/subject/18878 773 0 $aAcadémie de droit international.$tColloque = Workshop$g1994 773 0 $aAcadémie de droit international.$tLa Convention sur l'interdiction et l'élimination des armes chimiques : une percée dans l'enterprise multilatérale du désarmement : Colloque, La Haye, 24-26 novembre 1994 = The convention of the prohibition and eliminations of chemical weapons : a breakthrough in multilateral disarmament : Workshop, The Hague, 24-26 november 1994$w()61055 996 $6245$aThe Preparatory Commission for the Organizaion for the prohibition of chemical weapons$9(OLS)http://pul/title/121140 996 $6260$a[S. l. :$bs. n.]$9(OLS)http://pul/publisher/47882 LEADER 01161nam a2200289 a 4500 001 000000137421 003 CaOOAMICUS 005 20140214143143.0 008 140214s1998 it u000 u ita r 020 $a88-86479-46-8 040 $aPUL$bita 100 1 $aMarrone, Gianfranco.$0(OLS)http://pul/name/70690 245 10$aEsterica del telegiornale :$bidentità di testata e stili comunicativi /$cGianfranco Marrone. 260 $aRoma :$bMeltemi,$c©1998. 300 $a287 p. ;$c19 cm 490 1 $aSemiosfera ;$v02 504 $aBibliografia p. [280]-287. 650 4$aComunicazione sociale.$0(OLS)http://pul/subject/16847 830 0$aSemiosfera ;$v02.$0(OLS)http://pul/title/173977 850 $aPUL 852 $aPUL$W1$xDP1 Fondo E. Rossi$y115$m6 A 75$j158415$qFondi$B157936$CPULBib$Z2$F157936 $82 941 1 $a1 961 $aSul dorso collocazione ms. di E. Rossi: Com G M 7 996 $6020$a88-86479-46-8$9(OLS)http://pul/number/154534 996 $6245$aEsterica del telegiornale :$bidentità di testata e stili comunicativi$9(OLS)http://pul/title/173976 996 $6260$aRoma :$bMeltemi$9(OLS)http://pul/publisher/74645